00650 2200205 4500001002100000005001500021035002000036007000300056008004100059020002200100082001200122084001800134100004300152245015500195250001100350260003900361300002500400990000900425990001000434INLIS00000000000032020170920123956 a0010-0917000306ta170920 f 0 ind  a978-979-2409-47-5 a297.125 a297.125 SYA m0 aSyaikh Abdurrahman bin Nashir As Sa'di1 aMendulang Faedah Dari Kalimat Nubuwwah :bPenjelasan 99 Hadist Pilihan Yang Terkandung dalam Jawami'ul Kalim /cSyaikh Abdurrahman bin Nashir As Sa'di aCet. 4 aJakarta Timur :bGriya Ilmu,c2016 a352hlm ;c14 x 23 cm a4892 a4892a